000 00508nam a2200157 a 4500
001 000026348
005 20200930024522.0
008 110314s1983 dr 000 0 spa d
040 _aDO-SdBNP
_bspa
_cBNPHU
082 _axxx
_bT178g
100 1 _aTarazona, Enríque
_953375
245 1 0 _aGuía biobibliográficas :
_b123 escritores dominicanos vivos /
_cEnríque Tarazona.
260 _aSanto Domingo :
_bGobierno de Concentración Nacional
_fAlfa y Omega
_c1983.
300 _a139 p. ;
_c19 cm.
049 _aBNPD
999 _c25840
_d25840